Topology /

Guardado en:
Autor Principal: Lefschetz, Solomon, 1884-1972.
Formato: Libro
Idioma:English
Publicado: New York : Chelsea, 1956.
Edición:2nd ed.
Etiquetas: Agregar Etiqueta
Sin Etiquetas, Sea el primero en etiquetar este registro!
LEADER 00601nam a22001575a 4500
001 MAT.inmabb000657
008 031118s1956####nyu###########001#0#eng#d
005 20170802161427.0
245 1 0 |a Topology /  |c by Solomon Lefschetz. 
250 |a 2nd ed. 
260 |a New York :  |b Chelsea,  |c 1956. 
300 |a xi, 413 p. ;  |c cm. 
500 |a "The 1st ed. [...] was originally published, in 1930, by the American Mathematical Society, as American Mathematical Society Colloquium Publications, v. XII." 
100 1 |a Lefschetz, Solomon,  |d 1884-1972. 
084 |a 54-XX  |a 55-XX  |2 msc2000 
859 |h 54  |i L495-2  |p A-467  |b BIB. MATEMATICA